000 01190nam2a22002771 4500
001 rc\3318913
005 20250609211838.0
021 _aRU
_b[75-34811]
035 _a(NLR Aleph) 007507863
090 _a7686361
_c7686361
100 _a20130115d1975 |||y0rusy50 ca
101 0 _arus
102 _aRU
105 _aa z |||||
200 1 _aЧеловек
_fНауч. ред. Леонтьев А.Н. [и др.]
210 _d1975
_aБ. м.
215 _a463 с.
_cил.
_d26
320 _aСписок лит.: с. 420-425
461 0 _1001rc\3318906
_12001#$aДетская энциклопедия$e[В 12 т.]$eДля сред. и ст. возраста$fГл. ред. Маркушевич А.И.$gАкад. пед. наук СССР$vТ. 7
_97686342
_cМосква
_d1971-
_e3-е изд. [Т.] 1-
_fГл. ред. Маркушевич А.И.
_nПедагогика
_o[В 12 т.] : Для сред. и ст. возраста
_tДетская энциклопедия
_vТ. 7
606 _aЧеловек (т. 7) (д. л.)
_2psbo
702 1 _aЛеонтьев
_bА.Н.
_4340
801 0 _aRU
_bNLR
_gpsbo
801 1 _aRU
_bELAR
_2rusmarc
852 _aNLR
_j541-100/Д38
942 _cBOOK
980 _aNB